Statistics for Musical Artist by Song Quote

Click here to take the quiz!

General Stats

  • This quiz has been taken 59 times
    (58 since last reset)
  • The average score is 11 of 30

Answer Stats

QuoteArtist% Correct
"Mama, oooo, I don't want to die. Sometimes I'd wish I'd never been born at all".Queen
91%
"If you liked it, then you shoulda put a ring on it".Beyonce
76%
"Hey, teacher! Leave them kids alone".Pink Floyd
67%
"You may say I'm a dreamer, but I'm not the only one".John Lennon
61%
"Something touched me deep inside the day the music died".Don McLean
52%
"Do you ever feel like a plastic bag, drifting through the wind, wanting to start again?"Katy Perry
52%
"I remember when rock was young. Me and Suzie had so much fun".Elton John
48%
"My mama told me when I was young, we are all born superstars".Lady Gaga
48%
"I wear your granddad's clothes. I look incredible".Macklemore
46%
"I like big butts and I cannot lie".Sir Mix-a-Lot
46%
"Baby you light up my world like nobody else. The way that you flip your hair gets me overwhelmed".One Direction
44%
"Sometimes I feel like my only friend is the city I live in, the city of angels. Lonely as I am, together we cry".Red Hot Chili Peppers
43%
"All that glitters is gold. Only shooting stars break the mold".Smash Mouth
41%
"Because when the sun shines, we'll shine together. Told you I'll be here forever".Rihanna
39%
"Take these broken wings and learn to fly. All your life, you were only waiting for this moment to arise".Beatles
37%
"I know you think you're fat, but I'm here to tell you, every inch of you is perfect from the bottom to the top".Meghan Trainor
37%
"Let's get together and feel alright".Bob Marley
31%
"Tired of being compared to d*** Britney Spears. She's so pretty, that just ain't me".P!nk
28%
"Well they said you was high-classed. Well that was just a lie".Elvis Presley
26%
"Let me see what spring is like on Jupiter and Mars".Frank Sinatra
26%
"Wa-pa-pa-pa-pa-pa-pow!, wa-pa-pa-pa-pa-pa-pow!"Ylvis
26%
"Haven't you people ever heard of closing the godd*** door?"Panic! At the Disco
24%
"I'm sick of you little girl and boy groups, all you do is annoy me, so I have been sent here to destroy you".Eminem
22%
"And I'm still in the murder business. I can hold you down, like I'm givin' lessons in physics".Iggy Azalea
17%
"It's okay to eat fish 'cause they don't have any feelings".Nirvana
17%
"And truth be told, I miss you. And truth be told, I'm lying".All American Rejects
15%
"Yo I know pi to a thousand places. Ain't got no grills but I still wear braces".Weird Al Yankovic
15%
"Life is too short, so love the one you got, 'cause you might get run over or you might get shot".Sublime
11%
"Lose your dreams and you will lose your mind. Ain't life unkind?"Rolling Stones
7%
"Like a sprained ankle, boy I ain't nothing to play with".Drake
6%

Score Distribution

Percentile by Number Answered

Percent of People with Each Score

Your Score History

You have not taken this quiz since the last reset